1000 Facades : Photographs by Facade Engineer /
Na minha lista:
| Autor principal: | |
|---|---|
| Formato: | Livro |
| Idioma: | inglês |
| Publicado em: |
Seoul :
C3 Publishing Co.,
[s.a.]
|
| Edição: | 1. vydanie |
| Assuntos: | |
| Tags: |
Sem tags, seja o primeiro a adicionar uma tag!
|
MARC
| LEADER | 00000nam a22000003a 4500 | ||
|---|---|---|---|
| 001 | 0085218 | ||
| 003 | SK-STU | ||
| 005 | 20240202081850.3 | ||
| 007 | ta | ||
| 008 | 201209s ----xo-----e------000-0-----d | ||
| 020 | |a 978-89-97775-06-4 | ||
| 040 | |a STU |b slo | ||
| 041 | 0 | |a eng | |
| 044 | |a ko | ||
| 100 | 1 | |a Tae-oung, Kwon |4 aut |4 pht | |
| 245 | 1 | 0 | |a 1000 Facades : |b Photographs by Facade Engineer / |c aut. Kwon Tae-oung |
| 250 | |a 1. vydanie | ||
| 260 | |a Seoul : |b C3 Publishing Co., |c [s.a.] | ||
| 300 | |a 416 s. | ||
| 650 | 0 | 7 | |a fasády |
| 650 | 0 | 7 | |a architektúra svetová |
| 650 | 0 | 7 | |a mestá |
| 650 | 0 | 7 | |a fotografie architektúry |
| 996 | |b 284AU08517 |c A* 11781/U |l AAKNST |s P |a 0 |w 0085218_0001 | ||
| 996 | |c V* 53258/O-24418 |l VV24 |s P |a 0 |w 0085218_0002 | ||